Manažérske účtovníctvo ako súčasť účtovného informačného systému bakalárska práca

Salvato in:
Dettagli Bibliografici
Autore principale: Obrinová, Lucia
Ente Autore: Národohospodárska fakulta EU. Katedra financií
Altri autori: Staríčková, Zuzana
Natura: Libro
Lingua:slovacco
Pubblicazione: Bratislava 2012
Tags: Aggiungi Tag
Nessun Tag, puoi essere il primo ad aggiungerne!!

MARC

LEADER 00000nbm a2200000 4500
001 0158625
005 20161109112002.1
041 0 |a slo 
044 |a SK 
245 1 0 |a Manažérske účtovníctvo ako súčasť účtovného informačného systému  |b bakalárska práca  |c Lucia Obrinová ; školiteľ: Zuzana Staríčková 
264 1 |a Bratislava  |c 2012 
300 |a 37 s. 
100 1 |a Obrinová, Lucia 
700 1 |a Staríčková, Zuzana 
710 2 |a Národohospodárska fakulta EU. Katedra financií